Entry Konu Terimi
001 - KONTROL NUMARASI
- Kontrol alanı: 105366
003 - KONTROL NUMARASI KİMLİĞİ
- Kontrol alanı: TR-BiSEU
005 - SON İŞLEM TARİHİ VE ZAMANI
- Kontrol alanı: 20260207004103.0
008 - SABİT UZUNLUKTAKİ VERİ ÖGELERİ - GENEL BİLGİ
- Sabit uzunlukta kontrol alanı: 260207|| aca||aabn | a|a d
040 ## - KATALOGLAMA KAYNAĞI
- Özgün kataloglama kurumu: TR-BiSEU
- Çeviri kurumu: TR-BiSEU
150 ## - KONU BAŞLIKLARI - KONU TERİMİ
- Konu terimi: Mesleğe yöneltme
670 ## - BİLGİNİN KAYNAĞI
- Bilginin alındığı kaynak: KOHA: (TR-BiSEU)56699: Uluslararası İş ve Meslek Danışmanlığı Kongresi (1.: 2013 : Ankara) 105357, I. Uluslararası iş ve meslek danışmanlığı kongresi, 28-29 Kasım 2013.
